| 000 | 00478nam a22001577a 4500 | ||
|---|---|---|---|
| 003 | GBCCL | ||
| 005 | 20251127134731.0 | ||
| 008 | 220427b ||||| |||| 00| 0 eng d | ||
| 040 | _cgbc | ||
| 082 |
_a220.5208 _bBIB |
||
| 245 |
_aHoly Bible : _bEasy-to-read version ; translated from the original languages |
||
| 260 |
_aBangalore : _bWorld Bible Translation center (WBTC INDIA), _c1993 |
||
| 300 |
_a1318 pages ; _billustrations, maps |
||
| 650 |
_aBible _95 |
||
| 942 |
_2ddc _cREF |
||
| 999 |
_c9189 _d9189 |
||